Anthrome - Statistiken

Allgemein
  • Dieses Quiz wurde 0 mal gespielt
  • Das Durchschnittsergebnis liegt bei 0 aus 16
Antwortstatistiken
Regionen Landfläche Anteil Weltbevölkerung Bevölkerungsdichte Biodiversität Anthrome % Korrekt
Agrarregionen,Anbauregionen Ca. 5 % Ca. 1 % > 1 E/km² A- Dünn besiedelte Ackerbaulandschaften
0%
Agrarregionen, Weideregionen Ca. 5 % Ca. 4 % > 10 E/km² A/N- Geregelte Weidelandschaften
0%
Wildnisregionen,Ursprüngliche Ca. 5 % Ca. 0 % < 1 E/km² N+ Halbwüsten und Wüsten
0%
Wildnisregionen,Ursprüngliche Ca. 9 % Ca. 0 % < 1 E/km² N+ Inlandeis
0%
Agrarregionen,Anbauregionen _ _ _ _ Oasen
0%
Wildnisregionen,Beeinflusste Ca. 9 % Ca. 0 % < 1 E/km² N+ Periphere Wälder
0%
Wildnisregionen,Beeinflusste Ca. 14 % Ca. 0 % < 1 E/km² N+ Periphere Weidelandschaften
0%
Agrarregionen,Anbauregionen Ca. 1 % Ca. 0 % < 1 E/km² A-- Periphere Wirtschaftslandschaften
0%
Agrarregionen,Anbauregionen Ca. 15 % Ca. 14 % 35–150 E/km² A- Siedlungsnahe Kulturlandschaften
0%
Urbane Regionen Ca. 1 % Ca. 29 % > 500 E/km² A++ Städtische Ballungsräume
0%
Agrarregionen,Weideregionen Ca. 8 % Ca. 1 % 1–10 E/km² A/N+ Ungeregelte Weidelandschaften
0%
Wildnisregionen,Ursprüngliche Ca. 7 % Ca. 0 % < 1 E/km² N+ Urwälder
0%
Wildnisregionen,Ursprüngliche Ca. 5 % Ca. 0 % < 1 E/km² N+ Waldtundren und Savannen
0%
Waldregionen Ca. 8 % Ca. 1 % > 1 E/km² A/N+ Wirtschaftswälder
0%
Urbane Regionen Ca. 6 % Ca. 51 % 150–500 E/km² A- Zersiedeltes Umland
0%
Wildnisregionen,Ursprüngliche Ca. 2 % Ca. 0 % < 1 E/km² N+ Zwergstrauch- und Graslandschaften
0%
Keine übereinstimmenden Quizze gefunden
Verteilung der Resultate
Anzahl Personen mit jedem Resultat
Perzentil nach korrekt beantworteten Fragen
Ihre Resultats-Entwicklung
Sie haben dieses Quiz noch nicht gespielt